000 00548nam a2200181 i 4500
001 48723
003 ES-MaACL
005 20230929062527.0
007 t|
008 021113s1927 sp ||||1| spa d
110 2 _aReal Academia Española
_96336
245 1 0 _aDiccionario manual e ilustrado de la lengua española /
_cReal Academia Española.
260 _aMadrid :
_bEspasa-Calpe,
_c1927.
300 _a2011 p. :
_bil. ;
_c20 cm.
650 1 4 _aLengua española-
_vDiccionarios.
_914137
852 _aES-MaACL
_jB-6054
999 _c48723
_d48723